Loading...

IN VITRO STUDIES IN TINOSPORA CORDIFOLIA. MIERS.

Bibliographic Details
Main Author: DEVIPRIYA.D
Format: Printed Book
Published: THIRUVANANTHAPURAM DEPARTMENT OF BOTANY,UNIVERSITY OF KERALA KARIAVATTOM,TVPM. 2001
Subjects:
LEADER 00585nam a2200205 4500
020
037
082 |a 618.178 059 DEV 
100 |a DEVIPRIYA.D. 
245 |a IN VITRO STUDIES IN TINOSPORA CORDIFOLIA. MIERS.  |h English 
250
260 |a THIRUVANANTHAPURAM  |b DEPARTMENT OF BOTANY,UNIVERSITY OF KERALA KARIAVATTOM,TVPM.  |c 2001 
300 |a 51  |f HB 
500
590
630
650 |a VITRO 
942 |c REF 
999 |c 175753  |d 175753 
952 |0 0  |1 0  |4 0  |6 618_178000000000000_059_DEV  |7 0  |9 189120  |a BOT  |b BOT  |l 0  |o 618.178 059 DEV  |p BOTMSC D517  |r 2019-10-25  |w 2019-10-25  |y REF